LEADER 00855cam0-22003131i-450- 001 990006767450403321 005 20120605091330.0 035 $a000676745 035 $aFED01000676745 035 $a(Aleph)000676745FED01 035 $a000676745 100 $a20010426d1993----km-y0itay50------ba 101 0 $aita 102 $aIT 105 $ay-------001yy 200 1 $aProfessione dirigente$eda manager a leader$fPier Luigi Amietta 210 $aMilano$cETAS libri$d1993 215 $aXVI, 158 p.$c19 cm 225 1 $aETAS strumenti 610 0 $aDirigenti aziendali 676 $a658.4092$v19$zita 700 1$aAmietta,$bPier Luigi$0124832 801 0$aIT$bUNINA$gREICAT$2UNIMARC 901 $aBK 912 $a990006767450403321 952 $aVI H 315$b20362$fFSPBC 959 $aFSPBC 996 $aProfessione dirigente$961196 997 $aUNINA LEADER 01192nam 2200325Ia 450 001 996393153003316 005 20221108064956.0 035 $a(CKB)1000000000686009 035 $a(EEBO)2240924727 035 $a(OCoLC)12119104 035 $a(EXLCZ)991000000000686009 100 $a19850605d1643 uy | 101 0 $aeng 135 $aurbn||||a|bb| 200 10$aTwo ordinances of the Lords and Commons assembled in Parliament$b[electronic resource] $eone, that all sellers of wines whos shall pay the excise, shall and may take for all Spanish vvines sold, for every quart fourteene pence, and for all French vvines eight pence a quart 210 $aLondon $cPrinted for Iohn Wright ...$dOctob. 10, 1643 215 $a[2], 6 p 300 $aReproduction of original in Thomason Collection, British Library. 330 $aeebo-0158 606 $aWine and wine making$xTaxation$zEngland 615 0$aWine and wine making$xTaxation 801 0$bEAA 801 1$bEAA 801 2$bm/c 801 2$bUMI 801 2$bWaOLN 906 $aBOOK 912 $a996393153003316 996 $aTwo ordinances of the Lords and Commons assembled in Parliament$92299709 997 $aUNISA